| 000 | 00907nam a22003137a 4500 | ||
|---|---|---|---|
| 001 | 12790509 | ||
| 003 | OSt | ||
| 005 | 20140310181714.0 | ||
| 008 | 020320s2001 ph f000 1 tgl | ||
| 010 | _a 2002346506 | ||
| 020 | _a9715423302 | ||
| 035 | _a(DLC) 2002346506 | ||
| 037 |
_bLibrary of Congress -- Jakarta Overseas Office _cP220.00 |
||
| 040 |
_aDLC _cDLC |
||
| 042 | _alcode | ||
| 050 | 0 | 0 |
_aPL 6165 _b.Si565 2001 |
| 082 |
_aFIL 899. 2113 _b Si1 2001 |
||
| 100 | 1 | _aSicat, Ellen L. | |
| 245 | 1 | 0 |
_aPaghuhunos : _bnobela / _cEllen L. Sicat. |
| 260 |
_aQuezon City,Philippines: _bUniversity of the Philippines Press, _c2001. |
||
| 300 |
_axii, 200 p. : _c23 cm. |
||
| 500 | _aNovel. | ||
| 546 | _aIn Tagalog. | ||
| 562 | _e1 | ||
| 906 |
_a7 _bcbc _corigode _d4 _encip _f20 _gy-gencatlg |
||
| 942 |
_2lcc _cBK |
||
| 999 |
_c1672 _d1672 |
||